000 00806nam a2200289Ia 4500
003 OSt
005 20221006153446.0
006 a|||||r|||| 00| 0
007 ta
008 221006b |||||||| |||| 00| 0 chi d
020 _a957026117X
024 _a32,384
037 _bGift, Republic of China
_cTextual
040 _aEASL
_cEASL
_bchi
041 _2chi
_achi
082 _aY:1.4295, P1
100 _aLiu Huan-yue Au.
_9664063
245 0 _aFolk beliefs in Taiwan
_b Beautifu Taiwan
250 _a1st ed.
260 _aTaiwan
_bGovernment Information Office ROC
300 _a64p.
_ccm.
490 _v CEL
650 _a CEL
650 _aCulture-Taiwan
_9664064
942 _hY:1.4295, P1
_cTEXL
_2CC
999 _c1100470
_d1100470